| 000 | 00498nam a2200181 a 4500 | ||
|---|---|---|---|
| 005 | 20140310183216.0 | ||
| 008 | 030528s19uu xx 00 eng d | ||
| 020 | _a1575213060 | ||
| 050 |
_aQA 76.73.J39 _b.W132 1997 |
||
| 100 | _aWagner, Richard | ||
| 245 |
_aJavaScript / _cRichard Wagner. |
||
| 260 |
_aIndianapolis, IN : _bSams.net, _c1997. |
||
| 300 |
_a1014 p. : _bill. ; _c23 cm. |
||
| 521 | _aIT | ||
| 650 | _aJAVA (Computer Program Language) | ||
| 942 |
_cBK _2lcc _kFOR |
||
| 999 |
_c20240 _d20240 |
||